| 000 | 00924nac a22002897a 4500 | ||
|---|---|---|---|
| 001 | BR9301135 | ||
| 003 | BR-BrBNA | ||
| 005 | 20240105121426.0 | ||
| 008 | 230509b bl.|||m| |||| 00| 0 por d | ||
| 040 |
_aBR-BrBNA _bpor _cBiblioteca Nacional de Agricultura |
||
| 072 | _aE16 | ||
| 090 | _a1160 BR9301135 | ||
| 100 | 1 | _aPessoa, P.F.A. de P. | |
| 100 | 1 | _aParente, J.I.G. | |
| 110 | 1 |
_aCentro Nacional de Pesquisa de Caju, Fortaleza, CE (Brasil) _91758 |
|
| 245 | 1 | _aEvolucao e perspectiva para a cajucultura nordestina | |
| 260 | 3 |
_aFortaleza, CE (Brasil): _c1991. |
|
| 300 | _a11 p. | ||
| 490 |
_aBoletim de Pesquisa - Centro Nacional de Pesquisa de Caju (Brazil) _vno. 4 _xISSN 0103-6424 |
||
| 500 | _aSummary (Pt) | ||
| 650 | _aCaju | ||
| 650 | _aEstatistica de Producao | ||
| 650 | _aRendimento | ||
| 650 | _aRegiao Nordeste | ||
| 909 |
_a202312 _bLúcia Elande _c55 _dLúcia Elande |
||
| 942 |
_2AGRIS _n0 _cMS |
||
| 999 |
_c285226 _d285226 |
||